[Event "Chess.com International"]
[Site "Isle of Man"]
[Date "2018.10.26"]
[Round "7.12"]
[White "Shirov, Alexei"]
[Black "Le, Quang Liem"]
[Result "1-0"]
[WhiteElo "2636"]
[BlackElo "2715"]
[EventDate "2018.??.??"]
[Annotator "Bojkov,Dejan"]
[PlyCount "111"]
[Beauty "6671158001232"]
[EventType "team-tourn"]
[EventCountry "IOM"]

1.e4 c5 2.Nf3 d6 3.d4 cxd4 4.Nxd4 Nf6 5.Nc3 Nc6 {The Classical Sicilian against Shirov?! Daring! Why not something dull instead? Maybe next time...} 6.Bg5 e6 7.Qd2 a6 8.O-O-O Bd7 9.f4 Be7 10.Nf3 b5 11.Bd3 b4 12.Ne2 Qc7 13.h4 $146 {A logical novelty. White advances on the side where he is expecting to meet the opponent's king.} ( {The less convincing:} 13.Ned4 Nxd4 14.Nxd4 Qb6 15.Nf3 Ng4 16.Bxe7 Kxe7 {was played instead in Nayhebaver,M (2456) -Demchenko,A (2671) Lisbon 2018} ) 13...a5 ( {The immediate} 13...h6 14.Bxf6 Bxf6 15.g4 {would only speed White's attack.} ) 14.h5 h6 {Now he can win the bishop pair.} 15.Bxf6 ( 15.Bh4 O-O {is good for Black.} ) 15...gxf6 {Getting into the typical Classical pawn structure. The solid pawn shield in the middle protects the black king.} ( {However, there was an argument for:} 15...Bxf6 $5 {when Black likely feared} 16.Bb5 ( 16.g4 b3 $1 17.axb3 ( 17.cxb3 Ne5+ ) 17...a4 {looks excellent for Black.} ) 16...Be7 17.Kb1 a4 18.c4 {with a bind.} ) 16.Kb1 Rb8 ( {Here} 16...b3 $2 17.cxb3 {leads Black nowhere.} ) 17.f5 {The plan against this pawn structure is to weaken it as much as possible with this advance, eventually trade on e6, and put as much pressure against the e6 pawn. Once it moves, the white knights will have access to the juicy central outposts.} 17...e5 ( {In case of} 17...a4 18.fxe6 fxe6 19.Nf4 Ne5 20.Nd4 {Black already has difficulties with the pawn and will have to defend it with} 20...Kf7 ) 18.Nh2 $1 {It is very common that the h-pawn disappears in the Classical Sicilian. The unusual thing in the game is that it happens on the h6 square.} 18...a4 ( {Since it cannot be adequately defended:} 18...Kf8 19.Ng4 Kg7 20.Rh3 ) 19.Ng4 Na5 20.b3 Bc6 21.Nxh6 d5 $1 {This is why Black is willing to part with the pawn. Le gets central counterplay.} 22.exd5 Bxd5 23.Ng4 {The knight needs to leave the h6-square as soon as possible.} ( {It is hanging there, for instance in this line:} 23.Rhg1 e4 24.Nf4 exd3 25.Nxd5 Qxc2+ 26.Qxc2 dxc2+ 27.Kxc2 axb3+ 28.axb3 Rxh6 ) 23...axb3 ( {Now} 23...e4 {fails to} 24.Nf4 $1 ) ( {And} 23...Bxg2 24.Rhg1 Bf3 ( 24...Bc6 25.Ng3 {and once the knight occupies the e4 square White should be clearly better.} ) 25.Qe3 Bxg4 26.Rxg4 Bc5 27.Qh3 {is an advantage for White too.} ) 24.cxb3 Bxg2 25.Rhg1 Bc6 {Black regained the pawn but his counterplay on both the queenside and the center petered out. It is Shirov who is controlling the center.} 26.h6 ( {Also good was} 26.Ng3 Rd8 27.Qe3 {preparing to put something on the e4 square.} ) 26...Nb7 {The knight is heading to the center.} 27.Qe3 {But its road is cut.} 27...Ra8 ( {Tactics work for White after} 27...Bc5 $2 28.Nxf6+ Ke7 ( {Or} 28...Kf8 29.Qg5 Bxg1 30.Rxg1 {and Black is helpless.} ) 29.Qg5 Bxg1 30.Nd5+ {and wins.} ) ( {As well as after} 27...Nc5 28.Nxf6+ ( 28.Bc2 $5 ) 28...Bxf6 29.Qxc5 ) 28.Be4 {Probably Shirov's only inaccuracy in the game.} ( {He could have kept the knight away from his queenside with:} 28.Rc1 $1 Nd6 29.Ng3 {followed by Ng3-h5!} ) 28...Nd6 29.Ng3 Nb5 {Now White is practically forced to part with the exchange.} 30.Rc1 Nc3+ 31.Rxc3 bxc3 32.Rc1 Bxe4+ 33.Nxe4 {White's game remains still far more pleasant. After all the black rook on h8 does not take part in the play.} 33...Qa5 ( {Better looked} 33...Kf8 34.Rxc3 Qd7 35.Qf3 Qa7 36.a4 ( 36.Qg2 Rd8 ) 36...Qb7 37.Ka2 Rd8 {with chances for a successful defense.} ) 34.a4 Rb8 35.Rxc3 {Setting a trap.} 35...Qa6 {into which Le does not fall.} ( 35...Qxa4 $4 36.Nexf6+ Kf8 ( 36...Kd8 37.Rd3+ ) 37.Rc8+ $1 ) 36.Kc2 O-O {Castling on move 36? Better late than never, but not in this case...} ( {For good or for bad, Le should have kept playing with his king in the middle.} 36...Rd8 37.Rc4 Kf8 ) 37.Nxe5 $1 {Not only grabbing a pawn but the exchange too.} 37...Kh8 {There is nothing else.} ( 37...fxe5 $4 38.Qg3+ {is mate} ) ( {As well as} 37...Rfc8 $2 38.Qg3+ Kf8 39.Qg7+ Ke8 40.Qxf7+ Kd8 41.Qg8+ Bf8 42.Qxf8# ) 38.Nd7 Rxb3 39.Kxb3 {White is up a piece and a pawn. The rest is technique, although Shirov has to be careful with his exposed king.} ( 39.Rxb3 {was also sufficient for the win after} 39...Rd8 40.Ndc5 ) 39...Qb7+ 40.Nb6 Rb8 41.a5 Qd7 ( {On} 41...Qd5+ {I suspect that Shirov planned a Steinitz/Short sortie of the king with} 42.Ka4 $1 Qa2+ 43.Kb5 $1 Qb1+ 44.Ka6 $1 Qf1+ 45.Ka7 $1 {and his majesty is taking care of himself.} ) 42.Qd3 Qxf5 43.Nc5 Qh5 44.Nb7 {Little tactics to defend everything.} ( {Although there was nothing wrong with} 44.Qe3 Qd1+ 45.Kc4 ) 44...Qg4 ( 44...Rxb7 45.Rc8+ Bf8 46.Rxf8# ) 45.Nd6 {Back to the center!} 45...Qe6+ 46.Nc4 Bc5 47.Qg3 Rg8 48.Qc7 Bd4 49.Rg3 {It is impressive how well and beautifully Shirov coordinated his troops.} 49...Re8 50.Qd7 Qe1 51.Qg4 Qb1+ 52.Ka4 $1 ( {It is never too late to spoil an excellent game.} 52.Ka3 $4 Bc5+ 53.Ka4 Qb4# ) 52...Qa1+ 53.Kb5 f5 54.Qxf5 Qe1 55.Rg4 Qd1 56.h7 1-0

[Event "Tata Steel India - Blitz"]
[Site "?"]
[Date "2018.11.13"]
[Round "9.1"]
[White "Anand, Viswanathan"]
[Black "Aronian, Levon"]
[Result "0-1"]
[WhiteElo "2786"]
[BlackElo "2854"]
[EventDate "2018.??.??"]
[Annotator "Bojkov,Dejan"]
[PlyCount "76"]
[Beauty "7766777294390"]
[EventType "blitz"]

{[Notes by Dejan Bojkov]} 
1.e4 e5 2.Nf3 Nc6 3.Bb5 a6 4.Ba4 Nf6 5.O-O Be7 6.d3 b5 7.Bb3 d6 8.a3 O-O 9.Nc3 Na5 10.Ba2 Be6 11.b4 Bxa2 12.Rxa2 Nc6 13.Bg5 Nd7 ( {The two GMs already discussed this opening before. Levon Aronian chose instead:} 13...Qd7 14.Bxf6 Bxf6 15.Nd5 Bd8 16.a4 Ne7 17.Ne3 Rb8 18.axb5 axb5 19.c3 Qe6 20.Qb1 d5 {and held the game to a draw later, Anand,V (2785)-Aronian,L (2804) Bilbao 2014} ) 14.Bd2 Nf6 15.Nd5 $146 ( {The predecessor was:} 15.Re1 Qd7 16.Nd5 Nxd5 17.exd5 Na7 18.a4 c6 19.axb5 axb5 20.Qa1 cxd5 21.Be3 d4 22.Nxd4 exd4 23.Bxd4 Bf6 24.Bxf6 gxf6 25.Qxf6 Rfe8 26.Qg5+ Kf8 27.Qh6+ Kg8 28.Qg5+ Kf8 29.Qh6+ Kg8 30.Qg5+ {1/2-1/2 (30) Naiditsch,A (2721) -Wojtaszek,R (2727) Douglas 2018} ) 15...Nxd5 16.exd5 Nb8 17.c4 Nd7 18.Qb3 f5 19.Rc2 Bf6 20.Be3 {In a Najdorf-type of position Black has the kingside majority and his attack is running smoothly there.} 20...g5 {"I thought allowing this is really dangerous" (Aronian)} 21.h3 h5 22.cxb5 ( {The Armenian GM believed White should have tried to stop his attack with} 22.h4 $5 gxh4 23.Rfc1 {and he might well be right.} ) 22...g4 23.hxg4 hxg4 24.Nh2 axb5 25.Rfc1 Bg5 26.Rxc7 ( {Black expected} 26.d4 exd4 27.Bxg5 Qxg5 28.Rxc7 Ne5 {when thanks to the huge knight he is muh better.} ) 26...g3 27.Nf1 ( {Tactics doe snot solve White problems as after} 27.Rxd7 Qxd7 28.Bxg5 gxh2+ 29.Kh1 f4 {the white bishop is trapped.} ) ( {If} 27.Nf3 gxf2+ 28.Kxf2 Bxe3+ 29.Kxe3 {The white king is getting dragged out. Aronian lanned the simple:} 29...Nf6 {with many threats.} ( {But even better would be:} 29...e4 $1 30.dxe4 fxe4 {Now if White is brave enough and gets the pawn:} 31.Kxe4 {He would easily get mated:} ( {Aronian was afraid of} 31.Qc2 {but there is the simple} 31...Rxa3+ ) 31...Qf6 32.Rxd7 Rfe8+ 33.Kd3 Qg6+ 34.Kd2 ( {Or} 34.Kd4 Re4+ 35.Kd3 Rxb4+ ) 34...Qxg2+ 35.Kc3 Rac8+ 36.Kd4 Qf2+ 37.Kd3 Qe3# ) ) 27...gxf2+ 28.Kxf2 Bxe3+ 29.Nxe3 Qh4+ {Once again the white king got extricated from the good defensive positon. The ned is near.} 30.Ke2 f4 31.Nd1 f3+ {A bit rushy and based on miscalculation.} ( 31...Nf6 {was not bad at all.} ) ( {The easiest win was to improve the queen first:} 31...Qg4+ 32.Ke1 Qg3+ 33.Ke2 {Then tear appart the white king's position-} ( 33.Kd2 Qxg2+ 34.Kc3 ) 33...f3+ ) 32.gxf3 Rxf3 {The point, which is the actual mistake.} ( {It was not too late to insert a check} 32...Qh2+ 33.Nf2 {Then take:} 33...Rxf3 $1 {With the seconds ticking away Aronian was afraid of:} 34.Rc8+ {But he could have won with} 34...Rf8 ) 33.Rc8+ ( {Anand could have just taken it. After:} 33.Kxf3 Rf8+ 34.Ke2 Qh2+ 35.Ke1 Qg2 36.Rc8 $1 {Comes in time and defends the king. Then} 36...Qf1+ 37.Kd2 Qg2+ {would be perpetual.} ) 33...Rf8 34.Rxa8 Qh2+ $1 {There is no second chance for the former world champion. The in-between check does not allow any coordination.} ( {Although} 34...Rxa8 35.Nf2 Qh5+ {would be big advantage for Black too.} ) 35.Ke1 Rxa8 36.Rc2 Qg3+ 37.Rf2 ( {The last chance was:} 37.Kf1 Rf8+ 38.Rf2 Nf6 39.Qc2 {although it is hard to believe that all the black pieces will not find a way through the white king.} ) 37...Nf6 38.Kf1 Ng4 0-1

[Event "Tata Steel India - Blitz"]
[Site "?"]
[Date "2018.11.14"]
[Round "16.4"]
[White "Ganguly, Surya Shekhar"]
[Black "So, Wesley"]
[Result "1-0"]
[WhiteElo "2547"]
[BlackElo "2771"]
[EventDate "2018.??.??"]
[Annotator "Bojkov,Dejan"]
[PlyCount "61"]
[Beauty "8249293950499"]
[EventType "blitz"]

{[Notes by GM Dejan Bojkov]} 
1.Nf3 d5 2.g3 Bg4 3.Bg2 c6 4.O-O Nd7 5.h3 Bh5 ( 5...Bxf3 6.Bxf3 Ngf6 7.d3 e5 8.e4 Bc5 9.exd5 Nxd5 10.Nc3 Nxc3 11.bxc3 O-O 12.Re1 {was Artemiev,V (2706)-Lysyj,I (2631) Sochi 2018} ) 6.d4 e6 7.c4 Be7 8.Nc3 dxc4 9.a4 $146 ( {White had enough compensation for a pawn in the recent game:} 9.b3 cxb3 10.Qxb3 Qb6 11.Qa4 Ngf6 12.Rb1 Qc7 13.Bf4 Qc8 14.Rfc1 {Matlakov,M (2718)-Giri, A (2752) Wijk aan Zee 2018} ) 9...a5 10.e4 Ngf6 11.Qe2 Bxf3 12.Bxf3 e5 13.Be3 exd4 14.Bxd4 Bc5 15.e5 $1 {Ganguly opens the king as early as he can. This is the most unpleasant strategy in blitz!} ( {Instead} 15.Qxc4 Qe7 16.Rad1 {is a little better for White.} ) 15...Bxd4 16.exf6+ Kf8 {So decided to keep the king in the center. Now White's compensation is obvious.} ( {One can self-pin only after checking the line thoroughly at home-} 16...Ne5 17.fxg7 Rg8 18.Rfe1 Rxg7 19.Rad1 f6 {When White has either} 20.Kg2 ( {Or} 20.Nd5 $5 Rxg3+ 21.Kf1 Rxf3 22.Qxf3 Qxd5 23.Qxd5 cxd5 24.Rxd4 O-O-O 25.Red1 {with advantage for the first player.} ) ) 17.fxg7+ Kxg7 18.Rad1 ( {Misses a good tactical shot with:} 18.Bxc6 $1 bxc6 ( {Or} 18...Bxc3 19.Rad1 bxc6 20.Qg4+ Kf8 21.Rxd7 ) 19.Qg4+ ) 18...Ne5 19.Be4 Qb6 20.Qh5 Ng6 21.Ne2 Bf6 22.Rd7 Rad8 23.Rfd1 Rxd7 ( 23...Rhe8 $5 ) 24.Rxd7 Ne5 ( 24...Rd8 {looks very dangerous after} 25.Rxf7+ Kxf7 26.Qxh7+ Ke6 27.Qxg6 Qxb2 {but is apparently dangerous for both the sides.} ) 25.Rd1 Ng6 26.Rd7 Ne5 27.Rd6 Qc5 $4 {A huge blunder. The area around the king is left unprotected for a moment.} ( 27...Ng6 {was mandatory when Black has nothing better but to repeat with} 28.Rd7 ) 28.Nd4 $1 {Which is used by the Indian GM to bring his knight close to the enmy king. The uninvited guest tips the scales in White's favor.} 28...Be7 ( 28...Qxd6 29.Nf5+ ) 29.Qh6+ Kg8 30.Nf5 Bf8 31.Rd8 1-0

[Event "Tata Steel India - Rapid"]
[Site "?"]
[Date "2018.11.11"]
[Round "9.4"]
[White "Anand, Viswanathan"]
[Black "Ganguly, Surya Shekhar"]
[Result "0-1"]
[WhiteElo "2737"]
[BlackElo "2608"]
[EventDate "2018.??.??"]
[Annotator "Bojkov,Dejan"]
[PlyCount "74"]
[Beauty "7835228316170"]
[EventType "rapid"]

1.e4 {After so many years of cooperation the Player and the Second know everything about themselves and cannot surprise each other.} 1...c6 2.d4 d5 3.exd5 cxd5 4.Bd3 {Fischer made this move popular with his wins against the Iron Petrosian. Nowadays it comes back into fashion. Very often White gets reversed QGD type of positions with an extra tempo.} 4...Nc6 5.c3 e6 6.Nf3 ( {Another way to develop is:} 6.Ne2 Bd6 7.Nd2 Nge7 8.f4 O-O 9.Nf3 f6 10.O-O Bd7 11.Qc2 {as in Kovalev,V (2636) -Riazantsev,A (2666) Sochi 2017} ) 6...Bd6 7.O-O Nge7 8.Re1 O-O 9.Na3 $146 {A novelty. The knight is looking for the optimal square.} ( {An email predecessor saw interesting play after:} 9.h3 f6 10.c4 Nb4 11.Bf1 dxc4 12.Bxc4 Qc7 13.Qe2 a6 14.Bxe6+ Bxe6 15.Qxe6+ Kh8 16.Na3 Ned5 {with compensation for the pawn, Selin,S (2313)-Morley,P (2205) ICCF email 2009} ) ( {The stnadart development of the knight might leave them workless-} 9.Ne5 $5 f6 10.Qh5 Nf5 ) ( {Please note that the typical sacrifice} 9.Bxh7+ Kxh7 10.Ng5+ {does not work due to} 10...Kg6 11.Qg4 f5 ) ( {Or} 9.Nbd2 f6 {and the white knights are not going anywhere.} ) 9...f6 ( {Anand was clearly not afraid of the doubling of his pawns:} 9...Bxa3 10.bxa3 {In return he gets rich play thanks to his bishop pair and the open files. For example} 10...b6 $2 {Now allows the sacrifice:} ( {And} 10...f6 11.Qc2 g6 12.Rb1 {gives White plenty of play.} ) 11.Bxh7+ Kxh7 12.Ng5+ Kg6 13.Qg4 f5 14.Qg3 Kf6 15.Bf4 {with decisive threats.} ) 10.Nb5 Bb8 11.c4 Nb4 {With the clever intention to block the isolated pawn.} ( {Instead} 11...a6 {only pushes the white knight to a better positon.} 12.Nc3 ) ( {Likewise} 11...dxc4 12.Bxc4 {makes the bishop more active.} ) ( {There is an argument for the prophylactical} 11...Kh8 $5 {though.} ) 12.Bf1 dxc4 13.Bxc4 Nbd5 {The point of the maneuver. The d-pawn will not move forward any time soon(or ever).} 14.Nc3 Kh8 ( 14...Bd7 15.Qb3 {is awkward for Black.} ) 15.Qb3 a6 $1 {Ganguly finds a clever way to bring his rook into life.} ( {White is better after} 15...b6 16.Bd2 Qd6 17.Nxd5 Nxd5 18.Rac1 ) 16.a4 b6 17.Bd2 Ra7 {This is what it was all about. The rook is ready to enter the battle, while the bishps can work from the back ranks.} 18.a5 $1 {Nevertheless White's position looks more pleasant thanks to his space advantage. Anand decided to fix some dark squares and secure outposts for his knights.} ( {Interesting was also the immediate} 18.Nxd5 $5 Nxd5 ( 18...exd5 19.Bd3 ) 19.Rac1 ( {Here} 19.Bxd5 exd5 20.Bb4 Rg8 21.a5 {can be answered with} 21...Rb7 ) 19...Rc7 20.Qd3 {with slight edge for White in either case.} ( {Or} 20.h3 ) ) 18...b5 19.Bxd5 exd5 ( {The endgame after} 19...Nxd5 20.Nxd5 Qxd5 21.Qxd5 exd5 22.Bb4 Rg8 23.Rac1 {is very pleasant for White as he not only has the pen files, but can make very good use of the c5 outpost.} ) 20.h3 {Rules out the Bc8-g4 possibilities. Now Anand is ready to bring his knights to the optimal squares. He intends Nc3-a2-b4-d3-c5, and/or Bd2-b4. One can easily lose a game like that without even understanding where he had gone wrong.} 20...g5 $1 {Not Ganguly! He is ready to fire back with his pieces on the kingside. The bishops are already attacking there and the rooks can quickly join them. they just need some open files.} 21.Na2 Nc6 ( {The immediate} 21...Rg8 $5 {might have been more accurate.} ) 22.Nb4 Nxb4 23.Bxb4 Rg8 24.Qa3 {Intends to throw in a spanner in Black's kingside busyness.} 24...g4 25.hxg4 ( {Not} 25.Be7 $2 Rxe7 26.Qxe7 gxf3 {and Black wins material.} ) 25...Bxg4 26.Nh2 $6 {So far Anand played perfectly, but now goes into the wrong direction. The move looks solid, but is most likely based on a tactical oversight.} ( {After the correct:} 26.Nh4 $1 {White keeps the situation under control and should be better. For example:} 26...Rag7 ( {Or} 26...Rf7 27.Re7 {trading some future attackers.} ) 27.Be7 Qc7 28.g3 {and Black has to think about defence.} ( {But not} 28.Bxf6 $4 Qh2+ 29.Kf1 Qh1# ) ) 26...Rag7 27.g3 ( {It was not too late to swap off a pair of active rooks with} 27.Re7 $1 Bf5 28.Rxg7 Rxg7 ) ( {But perhaps it dawned to Anand that in case of the move that I suspect he prepared:} 27.Be7 {Ganguly has the fantastic resource:} 27...Be2 $3 28.Bxd8 Rxg2+ 29.Kh1 Rxh2# ) 27...Bh3 {Suddenly all the black pieces are attacking and the threat of Bb8xg3 is real.} 28.Re3 ( {If} 28.Nf1 Bxf1 29.Kxf1 Qc8 ) ( {Or} 28.Kh1 Bxg3 ) 28...Bf4 29.Rf3 Qc7 30.Nf1 ( 30.Rxf4 Qxf4 ) 30...Bxf1 31.Kxf1 ( {Since else Black will get decisive attack-} 31.Rxf1 Bxg3 32.fxg3 Rxg3+ 33.Kf2 ( {Or} 33.Kh1 Rg2 34.Rh3 Qg7 35.Qe3 Rxb2 36.Rg1 Qxg1+ 37.Qxg1 Rxg1+ 38.Kxg1 Rxb4 {with decisive material gain.} ) 33...Rg2+ 34.Ke3 Re8+ 35.Kd3 Qc4# ) 31...Bxg3 $1 {It happened! The white position collapses now.} 32.Qc3 ( {The sacrifice cannot be accepted-} 32.fxg3 Rxg3 33.Rxg3 Rxg3 34.Qa2 Qf4+ 35.Ke2 Rg2+ 36.Ke1 Qe4+ 37.Kd1 Qe2+ 38.Kc1 Qc2# ) 32...Qd7 $1 {With the white king in the center Black wants the queens on the board.} ( {Avoiding the endgame} 32...Qxc3 33.bxc3 Bf4 34.Ke2 {which complicates matters.} ) 33.Ke2 ( {If} 33.fxg3 Qh3+ 34.Ke2 Re8+ 35.Kd2 Qg2+ 36.Kd1 Qg1+ ) 33...Re8+ 34.Kd2 Bh4 35.Re1 {Black is not only up pawn, but has the more secure king and active pieces. The next blunder makes his task easier.} ( 35.Kc2 {would have still fought on.} ) 35...Rxe1 36.Kxe1 Rg1+ 37.Ke2 Bg5 {There is no escape from the infiltration of the black queen along the e-file. Ganguly did not have the tournament of his life, but can be proud of his first game against the former world champion!} 0-1